[Event "GER-CupT 2122 Round2 (4)"]
[Site "Soegel"]
[Date "2022.05.21"]
[Round "1.1"]
[White "Donchenko, Alexander"]
[Black "Stubbe, Wilko"]
[Result "1-0"]
[WhiteElo "2599"]
[BlackElo "2222"]
[PlyCount "41"]
[EventDate "2022.05.21"]
[EventType "team-k.o."]
[EventRounds "2"]
[EventCountry "GER"]
[SourceTitle "EXT 2023"]
[Source "ChessBase"]
[SourceDate "2022.10.05"]
[SourceVersion "1"]
[SourceVersionDate "2022.10.05"]
[SourceQuality "1"]
[WhiteTeam "Baden-Baden"]
[BlackTeam "Greifswald"]
[WhiteTeamCountry "GER"]
[BlackTeamCountry "GER"]

1. Nf3 Nf6 2. c4 e6 3. g3 d5 4. Bg2 Be7 5. 0-0 0-0 6. b3 b6 7. Bb2 Bb7 8. e3 Nbd7 9. Nc3 Rc8 10. Rc1 Ba8 11. Qe2 Ne4 12. cxd5 Nxc3 13. dxc3 exd5 14. Rfd1 Bf6 15. c4 Bxb2 16. Qxb2 dxc4 17. Ne5 Bxg2 18. Kxg2 Qf6 19. Rxd7 Rfe8 20. f4 Qf5 21. Qd4 1-0

[Event "Oberliga Nord O 1920"]
[Site "Germany"]
[Date "2020.01.18"]
[Round "6.2"]
[White "Stubbe, Wilko"]
[Black "Manzke, Lucas"]
[Result "1-0"]
[WhiteElo "2204"]
[BlackElo "1993"]
[PlyCount "55"]
[EventDate "2019.09.29"]
[EventType "team-tourn"]
[EventRounds "9"]
[EventCountry "GER"]
[SourceTitle "CBM 195 Extra"]
[Source "ChessBase"]
[SourceDate "2020.05.31"]
[SourceVersion "1"]
[SourceVersionDate "2020.05.31"]
[SourceQuality "1"]

1. e4 c5 2. Nf3 d6 3. Bb5+ Nd7 4. d4 cxd4 5. Qxd4 a6 6. Bxd7+ Bxd7 7. 0-0 Nf6 8. Bg5 h6 9. Bxf6 gxf6 10. Nc3 e6 11. Rfe1 Be7 12. Re3 0-0 13. Rae1 Kh7 14. Qd3 Kh8 15. Nd4 Rg8 16. Kh1 Rc8 17. f4 b5 18. a3 Qc7 19. f5 Qc4 20. Qd2 Kh7 21. Rh3 Bf8 22. Qf2 Rc7 23. Rd1 Bc8 24. Rg3 Rxg3 25. Qxg3 Bb7 26. Qg4 e5 27. Nde2 d5 28. Rd3 1-0

[Event "Oberliga Nord O 1920"]
[Site "Germany"]
[Date "2019.10.20"]
[Round "2.2"]
[White "Stubbe, Wilko"]
[Black "Perestjuk, Marko"]
[Result "1/2-1/2"]
[WhiteElo "2222"]
[BlackElo "2122"]
[PlyCount "99"]
[EventDate "2019.09.29"]
[EventType "team-tourn"]
[EventRounds "9"]
[EventCountry "GER"]
[SourceTitle "CBM 195 Extra"]
[Source "ChessBase"]
[SourceDate "2020.05.31"]
[SourceVersion "1"]
[SourceVersionDate "2020.05.31"]
[SourceQuality "1"]

1. e4 c5 2. Nf3 d6 3. Bb5+ Bd7 4. Bxd7+ Qxd7 5. 0-0 Nf6 6. Re1 Nc6 7. d4 cxd4 8. Nxd4 g6 9. c4 Bg7 10. Nc3 0-0 11. Bg5 Rac8 12. Nf3 Rfd8 13. Rc1 Qe6 14. b3 h6 15. Bxf6 Bxf6 16. Nd5 Bg7 17. h3 Kf8 18. Qe2 b6 19. Rcd1 Qd7 20. Qe3 Qb7 21. Qf4 b5 22. Ne3 bxc4 23. Nxc4 Qa6 24. Rd2 Kg8 25. Red1 Qb5 26. Rd5 Qa6 27. e5 g5 28. Qe3 dxe5 29. Rxd8+ Rxd8 30. Rxd8+ Nxd8 31. Qd2 Nc6 32. Qd7 Bf6 33. Ne3 e6 34. h4 Nd4 35. Nxd4 exd4 36. Ng4 Kg7 37. Nxf6 Kxf6 38. hxg5+ Kxg5 39. Qxd4 Qxa2 40. Qg7+ Kf5 41. Qxf7+ Ke5 42. f4+ Kd6 43. Qf8+ Kd5 44. Qb8 Qa1+ 45. Kh2 Qf6 46. Qb7+ Kd6 47. Qb4+ Kd5 48. Qc4+ Kd6 49. g3 Qf5 50. Qa6+ 1/2-1/2

[Event "GER CupT final"]
[Site "Wolfhagen"]
[Date "2019.05.19"]
[Round "2.2"]
[White "Lagunow, Raphael"]
[Black "Stubbe, Wilko"]
[Result "1/2-1/2"]
[WhiteElo "2420"]
[BlackElo "2218"]
[PlyCount "71"]
[EventDate "2019.05.18"]
[EventType "team-k.o."]
[EventRounds "2"]
[EventCountry "GER"]
[SourceTitle "CBM 190 Extra"]
[Source "ChessBase"]
[SourceDate "2019.07.15"]
[SourceVersion "1"]
[SourceVersionDate "2019.07.15"]
[SourceQuality "1"]
[WhiteTeam "Zehlendorf"]
[BlackTeam "Greifswald"]
[WhiteTeamCountry "GER"]
[BlackTeamCountry "GER"]

1. e4 e6 2. b3 d5 3. Bb2 dxe4 4. Nc3 Nf6 5. Qe2 Be7 6. Nxe4 Nbd7 7. 0-0-0 c6 8. Nf3 a5 9. a4 Nxe4 10. Qxe4 Nf6 11. Qe2 Bd7 12. Ne5 0-0 13. g4 b5 14. g5 Nd5 15. Rg1 bxa4 16. bxa4 Rb8 17. Rg3 Be8 18. Nc4 Rxb2 19. Nxb2 Bxg5 20. Rb3 Qc7 21. Qe4 Bd7 22. Nd3 Nf6 23. Qe5 Qxe5 24. Nxe5 Bf4 25. Nxd7 Nxd7 26. Bg2 Rc8 27. h3 g5 28. c3 Nc5 29. Ra3 Rd8 30. Kc2 Nd3 31. Rf1 c5 32. Rb3 Ne5 33. Rd1 Nd3 34. Rf1 Ne5 35. Rd1 Nd3 36. Rf1 1/2-1/2

[Event "Oberliga Nord O 1718"]
[Site "Germany"]
[Date "2018.01.21"]
[Round "5.5"]
[White "Stubbe, Wilko"]
[Black "Venske, Kai Gerrit"]
[Result "1-0"]
[WhiteElo "2213"]
[BlackElo "2183"]
[PlyCount "65"]
[EventDate "2017.10.08"]
[EventType "team-tourn"]
[EventRounds "9"]
[EventCountry "GER"]
[SourceTitle "EXT 2019"]
[Source "ChessBase"]
[SourceDate "2018.10.10"]
[SourceVersion "1"]
[SourceVersionDate "2018.10.10"]
[SourceQuality "1"]
[WhiteTeam "Greifswald"]
[BlackTeam "Berlin Weisse Dame"]
[WhiteTeamCountry "GER"]
[BlackTeamCountry "GER"]

1. e4 d5 2. exd5 Qxd5 3. Nf3 Bg4 4. Be2 Nc6 5. d4 0-0-0 6. c4 Qf5 7. Be3 e5 8. h3 Bxf3 9. Bxf3 Qg6 10. d5 Nb4 11. 0-0 Nc2 12. Nc3 Nxe3 13. fxe3 Bc5 14. Qe2 f5 15. Na4 Qd6 16. Nxc5 Qxc5 17. b4 Qe7 18. e4 Nf6 19. Rab1 Qe8 20. Qe3 Kb8 21. exf5 e4 22. Be2 Qe5 23. Rb3 b6 24. a4 g6 25. a5 gxf5 26. axb6 cxb6 27. Qf4 Rde8 28. Qxf5 Qxf5 29. Rxf5 Rhf8 30. c5 Kb7 31. Bb5 Nxd5 32. Rxd5 a6 33. Bxe8 1-0

[Event "Oberliga Nord O 1617"]
[Site "Germany"]
[Date "2016.11.20"]
[Round "2.4"]
[White "Niehaus, Frank"]
[Black "Stubbe, Wilko"]
[Result "1-0"]
[WhiteElo "2220"]
[BlackElo "2174"]
[PlyCount "137"]
[EventDate "2016.10.16"]
[EventType "team-tourn"]
[EventRounds "9"]
[EventCountry "GER"]
[SourceTitle "EXT 2018"]
[Source "ChessBase"]
[SourceDate "2017.10.13"]
[SourceVersion "1"]
[SourceVersionDate "2017.10.13"]
[SourceQuality "1"]
[WhiteTeam "Koenig Tegel"]
[BlackTeam "Greifswald"]
[WhiteTeamCountry "GER"]
[BlackTeamCountry "GER"]

1. e4 e6 2. d4 d5 3. exd5 exd5 4. c4 Nf6 5. Nc3 Bb4 6. Nf3 0-0 7. Bd3 Nc6 8. 0-0 Bg4 9. Be3 dxc4 10. Bxc4 Na5 11. Be2 Nd5 12. Bd2 Nc6 13. Nxd5 Qxd5 14. Bxb4 Nxb4 15. Qa4 Nc6 16. h3 Bd7 17. Rac1 Rad8 18. Rc5 Qd6 19. Qc2 b6 20. Rh5 g6 21. Rh4 Qf6 22. Rc1 Ne7 23. Qd2 Nf5 24. Rf4 Qd6 25. Bd3 Bc8 26. Bxf5 Bxf5 27. Rh4 Qf6 28. Rxc7 Rfe8 29. Rxa7 Re4 30. Qh6 Rxh4 31. Qxh4 Qxh4 32. Nxh4 Be4 33. Ra4 Kg7 34. Rb4 Rd6 35. g4 Rc6 36. Ng2 g5 37. Rb3 Bd5 38. Rb5 Rc1+ 39. Kh2 Bxa2 40. Rxg5+ Kf8 41. Ne3 Bb1 42. Rb5 Rc6 43. Kg3 Bd3 44. Rb3 Be4 45. Kf4 Bb1 46. Nf5 Bxf5 47. Kxf5 Ke7 48. g5 f6 49. f4 fxg5 50. fxg5 Rd6 51. Re3+ Kf7 52. Re4 Rd5+ 53. Kf4 Rb5 54. Re2 Rb3 55. h4 Rh3 56. Rf2 Ke7 57. Ke5 Rxh4 58. Kd5 Rh5 59. Kc6 Rxg5 60. Re2+ Kd8 61. d5 h5 62. Rf2 h4 63. Rf8+ Ke7 64. Rh8 Rg6+ 65. Kc7 Rg2 66. d6+ Ke6 67. Re8+ Kf5 68. d7 Rc2+ 69. Kb7 1-0

[Event "Oberliga Nord O 1415"]
[Site "Germany"]
[Date "2015.03.15"]
[Round "8.1"]
[White "Giemsa, Stephan"]
[Black "Stubbe, Wilko"]
[Result "1/2-1/2"]
[WhiteElo "2331"]
[BlackElo "2192"]
[PlyCount "109"]
[EventDate "2014.09.21"]
[EventType "team-tourn"]
[EventRounds "9"]
[EventCountry "GER"]
[SourceTitle "EXT 2016"]
[Source "ChessBase"]
[SourceDate "2015.10.08"]
[SourceVersion "1"]
[SourceVersionDate "2015.10.08"]
[SourceQuality "1"]
[WhiteTeam "Berlin Tegel II"]
[BlackTeam "Greifswald"]
[WhiteTeamCountry "GER"]
[BlackTeamCountry "GER"]

1. d4 Nf6 2. c4 c5 3. d5 b5 4. Qc2 g6 5. e4 d6 6. cxb5 Bg7 7. Nc3 0-0 8. Nf3 a6 9. a4 axb5 10. Bxb5 Na6 11. 0-0 Nb4 12. Qe2 Bg4 13. h3 Bxf3 14. Qxf3 Nc2 15. Rb1 Nd4 16. Qd3 Nxb5 17. axb5 Nd7 18. Be3 Qa5 19. f4 Rfb8 20. e5 dxe5 21. f5 Qb4 22. d6 c4 23. Qd5 Nf6 24. Qc5 Qxc5 25. Bxc5 Nd7 26. Bb4 e6 27. fxe6 fxe6 28. Rfe1 Bh6 29. Re4 Rc8 30. g3 Bg7 31. Rd1 Bf6 32. Kg2 Bd8 33. Re3 Bb6 34. Rf3 Rf8 35. Rxf8+ Kxf8 36. Ne4 Ra4 37. Bc3 h6 38. h4 Ra2 39. Kf3 Bd4 40. Bxd4 exd4 41. Rxd4 Rxb2 42. Ke3 Rb3+ 43. Ke2 Rb2+ 44. Ke3 Rb3+ 45. Kd2 Rxb5 46. Rxc4 Rd5+ 47. Ke3 Rd1 48. Rc8+ Kf7 49. Rc7 Ke8 50. Ke2 Rd4 51. Ke3 Rd1 52. g4 Re1+ 53. Kf4 Rf1+ 54. Ke3 Re1+ 55. Kf4 1/2-1/2

[Event "Oberliga Nord O 1314"]
[Site "Germany"]
[Date "2014.02.23"]
[Round "7.3"]
[White "Stubbe, Wilko"]
[Black "Janaszak, Dawid"]
[Result "1/2-1/2"]
[WhiteElo "2185"]
[BlackElo "2412"]
[PlyCount "87"]
[EventDate "2013.10.13"]
[EventType "team-tourn"]
[EventRounds "9"]
[EventCountry "GER"]
[SourceTitle "EXT 2015"]
[Source "ChessBase"]
[SourceDate "2014.11.20"]
[SourceVersion "1"]
[SourceVersionDate "2014.11.20"]
[SourceQuality "1"]
[WhiteTeam "Greifswald"]
[BlackTeam "Ruedersdorf"]
[WhiteTeamCountry "GER"]
[BlackTeamCountry "GER"]

1. e4 d6 2. d4 Nf6 3. Bd3 e5 4. c3 Nbd7 5. Ne2 Be7 6. 0-0 0-0 7. Ng3 d5 8. exd5 Nxd5 9. dxe5 Nxe5 10. Bxh7+ Kxh7 11. Qh5+ Kg8 12. Qxe5 Re8 13. Rd1 Bf6 14. Qh5 Re5 15. Qf3 Qe7 16. Nd2 Bd7 17. Ndf1 Bc6 18. Qg4 Re8 19. Bd2 Nb6 20. Bf4 Rb5 21. Nh5 Kf8 22. Re1 Qxe1 23. Rxe1 Rxe1 24. Nxf6 gxf6 25. Bd2 Ra1 26. c4 Rxb2 27. Bc3 Rbb1 28. Bxa1 Rxa1 29. h4 Nd7 30. f4 Nb6 31. h5 Nxc4 32. h6 Rxf1+ 33. Kh2 Ne3 34. Qg7+ Ke7 35. h7 Bxg2 36. h8Q Rh1+ 37. Kg3 Rxh8 38. Qxh8 Bd5 39. Qb8 Kd7 40. Qxa7 Nf5+ 41. Kf2 Nd6 42. a3 f5 43. Ke3 Kc6 44. Qa4+ 1/2-1/2

[Event "Oberliga Nord O 1314"]
[Site "Germany"]
[Date "2013.12.15"]
[Round "4.4"]
[White "Stubbe, Wilko"]
[Black "Lerch, Philipp"]
[Result "1/2-1/2"]
[WhiteElo "2185"]
[BlackElo "2163"]
[PlyCount "239"]
[EventDate "2013.10.13"]
[EventType "team-tourn"]
[EventRounds "9"]
[EventCountry "GER"]
[SourceTitle "EXT 2015"]
[Source "ChessBase"]
[SourceDate "2014.11.20"]
[SourceVersion "1"]
[SourceVersionDate "2014.11.20"]
[SourceQuality "1"]
[WhiteTeam "Greifswald"]
[BlackTeam "Koenig Tegel II"]
[WhiteTeamCountry "GER"]
[BlackTeamCountry "GER"]

1. Nf3 d5 2. g3 Nf6 3. Bg2 c6 4. d4 Bg4 5. c4 e6 6. 0-0 Be7 7. Nc3 0-0 8. Ne5 Bh5 9. Re1 Nbd7 10. Qb3 Qb6 11. Qxb6 axb6 12. Nxd7 Nxd7 13. cxd5 exd5 14. Bf4 b5 15. a3 Nb6 16. e4 dxe4 17. Nxe4 Nc4 18. Nd2 Nxd2 19. Rxe7 Nb3 20. Rae1 Nxd4 21. Rxb7 Rad8 22. h3 Nf3+ 23. Bxf3 Bxf3 24. Rbe7 h6 25. g4 Rd4 26. Be5 Rd3 27. Bc3 Rdd8 28. R7e3 Bd5 29. Bb4 Be6 30. Bxf8 Kxf8 31. f4 g6 32. Rc1 Rd2 33. Rxc6 Rxb2 34. Rc5 Kg7 35. Rf3 Bc4 36. f5 Rb1+ 37. Kf2 g5 38. Ke3 Ba2 39. Kd4 b4 40. axb4 Rxb4+ 41. Ke5 Rb2 42. Ra3 Re2+ 43. Kd6 Kf6 44. Rc6 Rd2+ 45. Kc7+ Kg7 46. Rd6 Rb2 47. Ra8 Bb1 48. f6+ Kh7 49. Rf8 Ba2 50. Kd7 Bc4 51. Kc6 Rf2 52. Kc5 Be6 53. Rdd8 Kg6 54. Rh8 Kxf6 55. Rxh6+ Ke5 56. Rh5 Rc2+ 57. Kb4 Rb2+ 58. Kc3 Rb3+ 59. Kd2 Kf6 60. Rg8 Rb5 61. Rh6+ Ke7 62. Ke3 Re5+ 63. Kd4 Rd5+ 64. Kc3 Rc5+ 65. Kb4 Rd5 66. Rb8 Re5 67. Rb5 Rxb5+ 68. Kxb5 Kd6 69. Kb4 Ke5 70. Kc3 f5 71. gxf5 Bxf5 72. Kd2 Kf4 73. Rf6 Ke5 74. Rh6 Kf4 75. Rh5 Bg6 76. Rh8 Bf5 77. Ke2 Kg3 78. Rh5 Bxh3 79. Rxg5+ Kf4 80. Rc5 Bf5 81. Rc4+ Kg5 82. Ke3 Bb1 83. Rb4 Ba2 84. Rb5+ Kh6 85. Kf4 Kg7 86. Kf5 Bg8 87. Rb7+ Kh8 88. Kf6 Ba2 89. Kg6 Bg8 90. Rc7 Bd5 91. Re7 Bg8 92. Rc7 Bd5 93. Rc5 Be4+ 94. Kf6 Bh7 95. Rh5 Kg8 96. Ke7 Kh8 97. Rg5 Bb1 98. Rg2 Bh7 99. Kf7 Bd3 100. Rg8+ Kh7 101. Rc8 Bb1 102. Ra8 Bc2 103. Ra3 Kh8 104. Rc3 Bb1 105. Rc1 Ba2+ 106. Kf8 Bg8 107. Rg1 Bh7 108. Rg2 Bf5 109. Rg8+ Kh7 110. Rg5 Bg6 111. Rg4 Bb1 112. Rh4+ Kg6 113. Rh2 Kf6 114. Rh1 Bc2 115. Rc1 Be4 116. Rd1 Bc2 117. Rd6+ Ke5 118. Ke7 Bh7 119. Rd2 Bb1 120. Rb2 1/2-1/2

[Event "Oberliga Nord O 1314"]
[Site "Germany"]
[Date "2013.11.10"]
[Round "2.3"]
[White "Rietze, Clemens"]
[Black "Stubbe, Wilko"]
[Result "1-0"]
[WhiteElo "2257"]
[BlackElo "2185"]
[PlyCount "105"]
[EventDate "2013.10.13"]
[EventType "team-tourn"]
[EventRounds "9"]
[EventCountry "GER"]
[SourceTitle "EXT 2015"]
[Source "ChessBase"]
[SourceDate "2014.11.20"]
[SourceVersion "1"]
[SourceVersionDate "2014.11.20"]
[SourceQuality "1"]
[WhiteTeam "Potsdam USV"]
[BlackTeam "Greifswald"]
[WhiteTeamCountry "GER"]
[BlackTeamCountry "GER"]

1. d4 Nf6 2. c4 c5 3. d5 b5 4. cxb5 a6 5. bxa6 g6 6. Nc3 Bg7 7. e4 d6 8. Bb5+ Bd7 9. Be2 0-0 10. Nf3 Nxa6 11. 0-0 Qb8 12. Nd2 Nc7 13. a4 Qb4 14. Ra3 Rfb8 15. Nc4 Qb7 16. h3 Ra7 17. f4 Qa8 18. Bf3 Rb4 19. b3 Nh5 20. e5 Ng3 21. Re1 Ne8 22. Bd2 Qb8 23. Kf2 Nf5 24. Ne4 dxe5 25. fxe5 Rxc4 26. bxc4 Bxe5 27. Bc3 Bxc3 28. Rxc3 Bxa4 29. Qc1 Nf6 30. Kg1 Qe5 31. Nxf6+ Qxf6 32. Ra3 Qd4+ 33. Kh2 Qf2 34. Rf1 Qg3+ 35. Kg1 Qe5 36. Qa1 Nd4 37. Kh1 Ra6 38. Rxa4 Rf6 39. Ra8+ Kg7 40. Bg4 h5 41. Rxf6 hxg4 42. Rf2 gxh3 43. gxh3 Qe4+ 44. Rg2 f6 45. Ra3 Nf5 46. Qf1 Nh4 47. Rag3 f5 48. Qd3 Qf4 49. Qe3 Nxg2 50. Kxg2 Qh4 51. Qe6 Qh6 52. Qxe7+ Kg8 53. Qe6+ 1-0

[Event "Oberliga Nord O 1213"]
[Site "Germany"]
[Date "2013.04.14"]
[Round "9.4"]
[White "Sroczynski, Maciej"]
[Black "Stubbe, Wilko"]
[Result "0-1"]
[WhiteElo "2271"]
[BlackElo "2187"]
[PlyCount "114"]
[EventDate "2012.10.17"]
[EventType "team-tourn"]
[EventRounds "9"]
[EventCountry "GER"]
[SourceTitle "EXT 2015"]
[Source "ChessBase"]
[SourceDate "2014.11.20"]
[SourceVersion "1"]
[SourceVersionDate "2014.11.20"]
[SourceQuality "1"]
[WhiteTeam "Ruedersdorf"]
[BlackTeam "Greifswald"]
[WhiteTeamCountry "GER"]
[BlackTeamCountry "GER"]

1. d4 Nf6 2. Nf3 c5 3. d5 d6 4. Nc3 g6 5. e4 Bg7 6. h3 Qa5 7. Bd2 0-0 8. Be2 a6 9. 0-0 Nbd7 10. Re1 Rb8 11. a4 Ne8 12. Bg5 f6 13. Be3 Ne5 14. Nd2 Qd8 15. f4 Nf7 16. Bd3 Bd7 17. a5 Nc7 18. Na4 Bxa4 19. Rxa4 Qd7 20. c3 Kh8 21. Nc4 Rbe8 22. Nb6 Qd8 23. Ra1 Na8 24. Nc4 Nc7 25. Qf3 e6 26. dxe6 Nxe6 27. Nb6 Nc7 28. Rad1 Qe7 29. Bf2 Nd8 30. b4 Nc6 31. Nd5 Qd8 32. bxc5 Nxd5 33. exd5 Nxa5 34. f5 Rxe1+ 35. Rxe1 dxc5 36. Bxc5 Re8 37. Re6 Nb3 38. Bb6 Qd7 39. Qe4 Rf8 40. Bc2 Nc1 41. c4 Na2 42. Qe1 Bh6 43. Bd4 Qd8 44. Qa1 Nb4 45. Be4 Bg7 46. Bc5 Re8 47. Bxb4 Rxe6 48. Ba5 b6 49. fxe6 bxa5 50. Qa4 f5 51. Qd7 Bd4+ 52. Kh1 Qh4 53. Qc8+ Kg7 54. Qc7+ Kh6 55. Qxa5 Qf2 56. Kh2 Be5+ 57. Kh1 Qf1# 0-1

[Event "Oberliga Nord O 1213"]
[Site "Germany"]
[Date "2013.02.24"]
[Round "7.3"]
[White "Stubbe, Wilko"]
[Black "Gruzmann, Boris"]
[Result "0-1"]
[WhiteElo "2187"]
[BlackElo "2298"]
[PlyCount "62"]
[EventDate "2012.10.17"]
[EventType "team-tourn"]
[EventRounds "9"]
[EventCountry "GER"]
[SourceTitle "EXT 2015"]
[Source "ChessBase"]
[SourceDate "2014.11.20"]
[SourceVersion "1"]
[SourceVersionDate "2014.11.20"]
[SourceQuality "1"]
[WhiteTeam "Greifswald"]
[BlackTeam "Lasker Steglitz"]
[WhiteTeamCountry "GER"]
[BlackTeamCountry "GER"]

1. Nf3 g6 2. g3 Bg7 3. Bg2 e5 4. d3 Nc6 5. 0-0 d6 6. c3 Nge7 7. Nbd2 0-0 8. a3 h6 9. e4 Be6 10. b4 Qd7 11. Re1 Bh3 12. Bh1 f5 13. Qb3+ Rf7 14. Bb2 f4 15. d4 g5 16. b5 Nd8 17. dxe5 dxe5 18. Rad1 Ng6 19. c4 g4 20. Nb1 Qe8 21. Nfd2 Ne6 22. Bg2 Ng5 23. c5 Kh7 24. Nc3 Rd8 25. Nc4 Bf8 26. Rxd8 Qxd8 27. Rd1 fxg3 28. Rxd8 gxf2+ 29. Kf1 Bxg2+ 30. Ke2 f1Q+ 31. Kd2 Rf2+ 0-1

[Event "Oberliga Nord O 1213"]
[Site "Germany"]
[Date "2013.02.03"]
[Round "6.2"]
[White "Stubbe, Wilko"]
[Black "Lerch, Philipp"]
[Result "1/2-1/2"]
[WhiteElo "2187"]
[BlackElo "2110"]
[PlyCount "55"]
[EventDate "2012.10.17"]
[EventType "team-tourn"]
[EventRounds "9"]
[EventCountry "GER"]
[SourceTitle "EXT 2015"]
[Source "ChessBase"]
[SourceDate "2014.11.20"]
[SourceVersion "1"]
[SourceVersionDate "2014.11.20"]
[SourceQuality "1"]
[WhiteTeam "Greifswald"]
[BlackTeam "Koenig Tegel"]
[WhiteTeamCountry "GER"]
[BlackTeamCountry "GER"]

1. e4 c5 2. Nf3 d6 3. Bb5+ Bd7 4. Bxd7+ Qxd7 5. 0-0 Nf6 6. Re1 Nc6 7. d4 cxd4 8. Nxd4 g6 9. c4 Bg7 10. Nc3 0-0 11. f3 Rac8 12. Be3 Nxd4 13. Qxd4 a6 14. Qd3 Qc7 15. Rac1 Qxc4 16. Qxc4 Rxc4 17. Nd5 Nxd5 18. Rxc4 b5 19. Rc6 Nxe3 20. Rxe3 Bd4 21. Kf2 Ra8 22. Rc7 Kf8 23. Ke2 Bxe3 24. Kxe3 Ke8 25. Kd2 Kd8 26. Rb7 Rc8 27. Rb6 Ra8 28. Rb7 1/2-1/2

[Event "Oberliga Nord O 1213"]
[Site "Germany"]
[Date "2012.10.17"]
[Round "1.3"]
[White "Berebora, Ferenc"]
[Black "Stubbe, Wilko"]
[Result "1-0"]
[WhiteElo "2427"]
[BlackElo "2187"]
[PlyCount "107"]
[EventDate "2012.10.17"]
[EventType "team-tourn"]
[EventRounds "9"]
[EventCountry "GER"]
[SourceTitle "EXT 2015"]
[Source "ChessBase"]
[SourceDate "2014.11.20"]
[SourceVersion "1"]
[SourceVersionDate "2014.11.20"]
[SourceQuality "1"]
[WhiteTeam "Neuruppin"]
[BlackTeam "Greifswald"]
[WhiteTeamCountry "GER"]
[BlackTeamCountry "GER"]

1. Nf3 Nf6 2. c4 g6 3. Nc3 Bg7 4. e4 d6 5. d4 0-0 6. Be2 c5 7. 0-0 a6 8. dxc5 dxc5 9. Qxd8 Rxd8 10. Be3 b6 11. Rad1 Rxd1 12. Rxd1 Nc6 13. h3 Nd7 14. Na4 Rb8 15. b3 e5 16. Rd6 Nd4 17. Nxd4 cxd4 18. Bg5 f6 19. Bd2 Bf8 20. Rd5 Nc5 21. Nxc5 bxc5 22. Rd8 Ra8 23. Bg4 Bb7 24. Be6+ Kh8 25. Rxa8 Bxa8 26. f3 Kg7 27. g4 Bb7 28. Kf2 Bd6 29. Ba5 Kf8 30. Bd8 Be7 31. Bc7 g5 32. Ke2 Ke8 33. Bb6 Bd6 34. Kd3 Ke7 35. Bg8 h6 36. b4 cxb4 37. c5 Bb8 38. Bd5 Bc8 39. Ba5 Bd7 40. Bxb4 Bb5+ 41. Bc4 Bc7 42. Bxb5 axb5 43. c6+ Ke6 44. Bf8 Kf7 45. Bc5 Ke6 46. Kc2 Ba5 47. Bf8 Bc7 48. Bb4 Bb6 49. Kb3 Bc7 50. a4 bxa4+ 51. Kxa4 Bd6 52. Ba5 Ke7 53. Kb5 Ba3 54. Kb6 1-0

[Event "Mecklenburg VP-ch"]
[Site "Greifswald"]
[Date "2011.10.30"]
[Round "6.4"]
[White "Stubbe, Wilko"]
[Black "Woll, Wilfried"]
[Result "1-0"]
[WhiteElo "2186"]
[BlackElo "2126"]
[PlyCount "101"]
[EventDate "2011.10.28"]
[EventType "swiss"]
[EventRounds "7"]
[EventCountry "GER"]
[SourceTitle "EXT 2022"]
[Source "ChessBase"]
[SourceDate "2021.10.06"]
[SourceVersion "1"]
[SourceVersionDate "2021.10.06"]
[SourceQuality "1"]

1. Nf3 c5 2. g3 b6 3. Bg2 Bb7 4. d3 Nf6 5. 0-0 e6 6. c3 Be7 7. Nbd2 d6 8. b4 cxb4 9. cxb4 0-0 10. Bb2 d5 11. Qb3 Nbd7 12. Rfc1 Bd6 13. Nd4 Qe7 14. a3 Rac8 15. Qa4 Bb8 16. Nc6 Bxc6 17. Rxc6 Rxc6 18. Qxc6 Ne5 19. Qc2 h5 20. Rc1 Rd8 21. Qa4 Qd6 22. b5 Nfg4 23. Nf3 Nd7 24. Rc6 Qe7 25. h3 Nh6 26. Rc1 Nc5 27. Qc2 Qd7 28. a4 Nf5 29. e4 Ne7 30. Bd4 dxe4 31. dxe4 Rc8 32. Rd1 Qe8 33. Bxc5 Rxc5 34. Qe2 g6 35. Qd3 f6 36. h4 Kf7 37. Bh3 e5 38. Qb3+ Kg7 39. Qe6 Qf7 40. Qd7 Rc7 41. Qd8 Qb3 42. Kg2 Qg8 43. Qd6 Rb7 44. Qb4 f5 45. Ng5 Kf6 46. Rd3 Qc8 47. Qb3 Qg8 48. Qd1 Qc4 49. Rd8 Kg7 50. exf5 gxf5 51. Qxh5 1-0

[Event "Mecklenburg VP-ch"]
[Site "Greifswald"]
[Date "2011.10.29"]
[Round "3.1"]
[White "Stubbe, Wilko"]
[Black "Schulz, Karsten"]
[Result "0-1"]
[WhiteElo "2186"]
[BlackElo "2310"]
[PlyCount "146"]
[EventDate "2011.10.28"]
[EventType "swiss"]
[EventRounds "7"]
[EventCountry "GER"]
[SourceTitle "EXT 2022"]
[Source "ChessBase"]
[SourceDate "2021.10.06"]
[SourceVersion "1"]
[SourceVersionDate "2021.10.06"]
[SourceQuality "1"]

1. Nf3 g6 2. g3 Bg7 3. Bg2 d6 4. d3 e5 5. c3 Ne7 6. e4 c5 7. 0-0 Nbc6 8. Be3 0-0 9. Qd2 b6 10. Bh6 f6 11. Bxg7 Kxg7 12. Na3 f5 13. Nc2 f4 14. d4 Bg4 15. h3 Bxf3 16. Bxf3 Qc7 17. Rad1 Rad8 18. Qe2 Rde8 19. b4 fxg3 20. fxg3 exd4 21. cxd4 Nf5 22. d5 Nfd4 23. Nxd4 Nxd4 24. Qb2 Qe7 25. bxc5 bxc5 26. Bg2 Qe5 27. Qa3 Re7 28. Rxf8 Kxf8 29. Rf1+ Kg7 30. Qa6 Qxg3 31. Qc8 Ne2+ 32. Kh1 Nf4 33. Rg1 Nxg2 34. Rxg2 Qe1+ 35. Kh2 Qxe4 36. Rf2 Qe5+ 37. Kg1 Qg5+ 38. Kh2 Rf7 39. Rxf7+ Kxf7 40. Qe6+ Kg7 41. Qd7+ Kh6 42. Qxd6 Qd2+ 43. Kg3 Qe3+ 44. Kg4 Qe2+ 45. Kg3 Qe1+ 46. Kg2 Qd2+ 47. Kg3 Qd3+ 48. Kg4 Qf5+ 49. Kg3 c4 50. Qf4+ Qg5+ 51. Kf3 c3 52. Qc4 c2 53. Qxc2 Qxd5+ 54. Kg3 a5 55. a4 Kg5 56. h4+ Kf6 57. Qf2+ Ke6 58. Qa7 Qb3+ 59. Kg2 Qxa4 60. Qxh7 Qe4+ 61. Kg3 a4 62. Qg8+ Kd6 63. Qf8+ Kd7 64. Qg7+ Qe7 65. Qh8 a3 66. Qa8 Qe5+ 67. Kf3 Qf5+ 68. Kg3 Qe5+ 69. Kg4 Qe6+ 70. Kg5 a2 71. Qa4+ Ke7 72. Qa7+ Ke8 73. Qa8+ Kf7 0-1